000 00311nam a22001337a 4500
008 210707s2006 xx 000 0 und d
041 _aeng
082 _a052 BJ
245 _aBhavans journal
260 _bThe Divine Life Society
_c2006
650 _aCulture
650 _aCulture
906 _aBhavans journal
999 _c179360
_d179360